| 000 | 00382 a2200157 4500 | ||
|---|---|---|---|
| 001 | 156909 | ||
| 020 | _a9788535700213 | ||
| 040 | _cEscola São Tomás de Aquino | ||
| 100 | _aVASQUES, Marciano | ||
| 240 | 1 | 0 |
_aUma dúzia e meia de bichinhos _lpor |
| 245 | 1 | 0 | _aUma dúzia e meia de bichinhos |
| 300 | _a24 p. | ||
| 362 | 0 | _a2000 | |
| 697 | _a*LITERATURA INFANTO | ||
| 942 | _cBK | ||
| 999 |
_c156909 _d156909 |
||